| 000 | 00454nam a22001697a 4500 | ||
|---|---|---|---|
| 005 | 20180814113353.0 | ||
| 008 | 160514b xxu||||| |||| 00| 0 eng d | ||
| 020 | _a81-203-1426-3 | ||
| 041 | _aeng | ||
| 082 |
_b2427 _a658.4 |
||
| 100 |
_aRobbins, Stephen P. and Mathew , Mary. _94804 |
||
| 245 | _aOrganization Theory :structure desing and application | ||
| 260 |
_aNew Delhi _bPHI, _c2001 |
||
| 300 | _a534p, | ||
| 650 |
_aManagement _9241 |
||
| 942 | _cBK | ||
| 999 |
_c861 _d861 |
||